[Event "Tbilisi Municipality Cup"]
[Site "?"]
[Date "2009.06.19"]
[Round "5.8"]
[White "Benidze Davit"]
[Black "Javakhadze Zurab"]
[Result "1/2-1/2"]
[WhiteElo "2442"]
[BlackElo "2288"]
[PlyCount "98"]
[EventDate "2009.??.??"]
[SourceDate "2009.06.19"]

1. Nf3 c5 2. g3 Nc6 3. Bg2 g6 4. O-O Bg7 5. c4 Nf6 6. Nc3 O-O 7. d4 cxd4 8.
Nxd4 Nxd4 9. Qxd4 d6 10. Qh4 Be6 11. Bg5 Rc8 12. b3 Qd7 13. Rad1 Rc5 14. Nd5
Bxd5 15. cxd5 Rc2 16. Rd2 Rxd2 17. Bxd2 Qb5 18. Qd4 a6 19. Qc4 Qxc4 20. bxc4
Nd7 21. Rb1 Nc5 22. Be3 Rc8 23. Bh3 Rc7 24. Bd2 Ne4 25. Ba5 Rxc4 26. Rxb7 Bf6
27. Bd8 Kf8 28. Bd7 Rc2 29. Kf1 Nc3 30. Bc6 Rxa2 31. Rb8 Kg7 32. Rb7 Rxe2 33.
Ba5 Rc2 34. Bb6 Rb2 35. Ba5 Ne4 36. Rxb2 Bxb2 37. Ke2 Bc3 38. Bd8 Bf6 39. Bb6
Nc5 40. Bc7 Bc3 41. Bd8 Kf6 42. f4 a5 43. g4 a4 44. Bb5 a3 45. Bc4 h6 46. h4
Nb7 47. g5+ hxg5 48. hxg5+ Kg7 49. Bxe7 f6 1/2-1/2

[Event "Tbilisi Municipality Cup"]
[Site "?"]
[Date "2009.06.19"]
[Round "5.9"]
[White "Jamagidze Mikheil"]
[Black "Shengelia David"]
[Result "0-1"]
[WhiteElo "2263"]
[BlackElo "2549"]
[PlyCount "72"]
[EventDate "2009.??.??"]
[SourceDate "2009.06.19"]

1. e4 c5 2. Nf3 d6 3. d4 cxd4 4. Nxd4 Nf6 5. Nc3 Nc6 6. f3 g6 7. Be3 Bg7 8. Qd2
O-O 9. O-O-O d5 10. exd5 Nxd5 11. Nxc6 bxc6 12. Bd4 e5 13. Bc5 Rb8 14. Nxd5
cxd5 15. Qxd5 Qf6 16. Bxf8 Bxf8 17. Qd8 Qf4+ 18. Kb1 Qb4 19. b3 Be6 20. Qd2 Qc5
21. Bd3 a5 22. Be4 a4 23. Qd3 Qa3 24. Bd5 e4 25. Qe3 Bg7 26. Qc1 Qc5 27. Qf4
Rc8 28. c4 axb3 29. Bxe6 bxa2+ 30. Kc2 fxe6 31. Qxe4 Qb6 32. f4 a1=Q 33. Rxa1
Qb2+ 34. Kd3 Rd8+ 35. Ke3 Qc3+ 36. Ke2 Rd2+ 0-1

[Event "Tbilisi Municipality Cup"]
[Site "?"]
[Date "2009.06.19"]
[Round "5.10"]
[White "Kviriashvili Ioseb"]
[Black "Pantsulaia Levan"]
[Result "0-1"]
[WhiteElo "2258"]
[BlackElo "2581"]
[PlyCount "92"]
[EventDate "2009.??.??"]
[SourceDate "2009.06.19"]

1. e4 c5 2. c3 d5 3. exd5 Qxd5 4. d4 Nf6 5. Nf3 Bg4 6. Be2 e6 7. h3 Bh5 8. O-O
Nc6 9. Be3 cxd4 10. cxd4 Bb4 11. Nc3 Qd6 12. Qb3 O-O 13. Rfd1 Rfd8 14. Rac1
Rac8 15. a3 Bxc3 16. bxc3 Nd5 17. c4 Na5 18. Qa4 Bxf3 19. Bxf3 Nxc4 20. Rxc4
Nb6 21. Rxc8 Nxa4 22. Rdc1 Nb6 23. Rxd8+ Qxd8 24. Bxb7 Qe7 25. Bf3 Qxa3 26. Rc7
h6 27. Be4 f5 28. Bf3 Nd5 29. Bxd5 exd5 30. g3 a5 31. Rc5 Qa2 32. Kg2 a4 33.
Rc8+ Kh7 34. Bf4 Qb2 35. Be5 a3 36. Rc7 Kg8 37. Rxg7+ Kf8 38. Rh7 a2 39. Rh8+
Kf7 40. Rh7+ Ke8 41. Rh8+ Kd7 42. Rh7+ Kc6 43. Rxh6+ Kb5 44. Rh8 Qa3 45. Rh5
a1=Q 46. Rxf5 Qd3 0-1

[Event "Tbilisi Municipality Cup"]
[Site "?"]
[Date "2009.06.19"]
[Round "5.11"]
[White "Reyhan Dogan"]
[Black "Kotanjian Tigran"]
[Result "0-1"]
[WhiteElo "2234"]
[BlackElo "2552"]
[PlyCount "70"]
[EventDate "2009.??.??"]
[SourceDate "2009.06.19"]

1. e4 c5 2. Nf3 d6 3. d4 cxd4 4. Nxd4 Nf6 5. Nc3 a6 6. Be3 e6 7. g4 h6 8. Bg2
Nc6 9. h3 Bd7 10. f4 Rc8 11. Qe2 b5 12. a3 Be7 13. O-O O-O 14. Rad1 Qc7 15. g5
hxg5 16. fxg5 Ne8 17. Nxc6 Bxc6 18. Qh5 g6 19. Qh6 e5 20. Rf2 Ng7 21. Rdf1 Bb7
22. h4 Qd7 23. Kh2 Rxc3 24. bxc3 Bc8 25. Rf3 Qc6 26. h5 Nxh5 27. Rf6 Bg4 28.
R6f4 Qc8 29. Kg1 Qxc3 30. Rxg4 Qxe3+ 31. Kh2 Qd2 32. Rf3 Rc8 33. Rxf7 Kxf7 34.
Qh7+ Ng7 35. Qh6 Rc3 0-1

[Event "Tbilisi Municipality Cup"]
[Site "?"]
[Date "2009.06.19"]
[Round "5.12"]
[White "Neverov Valeriy"]
[Black "Lomsadze Davit"]
[Result "1-0"]
[WhiteElo "2552"]
[BlackElo "2342"]
[PlyCount "91"]
[EventDate "2009.??.??"]
[SourceDate "2009.06.19"]

1. d4 Nf6 2. c4 c5 3. d5 d6 4. Nc3 g6 5. e4 Bg7 6. Bd3 O-O 7. Nf3 Na6 8. h3 Nc7
9. Bg5 Rb8 10. a4 b6 11. O-O a6 12. Re1 e5 13. dxe6 Nxe6 14. Bh4 Nf4 15. Qd2
Nxd3 16. Qxd3 Bb7 17. Rad1 Re8 18. Bg3 Bf8 19. Bxd6 Bxd6 20. Qxd6 Qxd6 21. Rxd6
Nxe4 22. Rxb6 Nxc3 23. Rxe8+ Rxe8 24. Rxb7 Nxa4 25. Ng5 Re1+ 26. Kh2 f6 27.
Nxh7 Re6 28. g4 g5 29. Kg3 Nb6 30. f4 Nxc4 31. fxg5 Nd6 32. Rd7 fxg5 33. Nxg5
Ne4+ 34. Kf4 Nxg5 35. Kxg5 Rb6 36. Rd2 c4 37. h4 Rb5+ 38. Kh6 Rb6+ 39. Kh5 a5
40. g5 Kg7 41. Rd7+ Kf8 42. g6 Rxb2 43. Kh6 Rg2 44. Rc7 Rg4 45. h5 a4 46. g7+
1-0

[Event "Tbilisi Municipality Cup"]
[Site "?"]
[Date "2009.06.19"]
[Round "5.13"]
[White "Arutinian David"]
[Black "Guramishvili Sopiko"]
[Result "1-0"]
[WhiteElo "2548"]
[BlackElo "2325"]
[PlyCount "139"]
[EventDate "2009.??.??"]
[SourceDate "2009.06.19"]

1. Nf3 d5 2. c4 c6 3. e3 Nf6 4. Nc3 g6 5. b3 Bg7 6. Bb2 Bg4 7. Be2 Bxf3 8. Bxf3
O-O 9. d4 e6 10. O-O Nbd7 11. Rc1 a6 12. Qe2 Qe7 13. Rfd1 Rfe8 14. g3 b5 15.
Nb1 Rac8 16. Qe1 Qd8 17. Rc2 Qb6 18. Rdc1 Qb7 19. Qa5 Bf8 20. Ba3 Qb6 21. Qd2
Bxa3 22. Nxa3 Qb7 23. Qb4 a5 24. Qe1 bxc4 25. bxc4 Qb4 26. Rc3 Ne4 27. Bxe4
dxe4 28. c5 e5 29. Nc4 Rb8 30. Qd1 exd4 31. exd4 a4 32. a3 Qb7 33. Nd6 Qa8 34.
Rc4 e3 35. fxe3 Rxe3 36. Rxa4 Re1+ 37. Qxe1 Qxa4 38. Qf2 Rf8 39. Re1 Qb3 40.
Re7 Nb8 41. Qf6 Qd1+ 42. Kf2 Qd2+ 43. Re2 Qh6 44. Kg2 Nd7 45. Qf3 Nb8 46. a4
Qc1 47. a5 Qa1 48. Qf6 Nd7 49. Qe7 Nb8 50. Qf6 Nd7 51. Qf2 Qxa5 52. Re7 Qd8 53.
Rxf7 Nf6 54. Qa2 Nd5 55. Qa7 Rxf7 56. Qxf7+ Kh8 57. Kf3 Qb8 58. Kg4 Qd8 59. h4
Nf6+ 60. Kf3 Nd5 61. Ke4 Nf6+ 62. Kf3 Nd5 63. h5 Qf6+ 64. Qxf6+ Nxf6 65. hxg6
hxg6 66. Nc4 Nd5 67. Ke4 Kg7 68. Ke5 Ne7 69. g4 Kf7 70. Kd6 1-0

[Event "Tbilisi Municipality Cup"]
[Site "?"]
[Date "2009.06.19"]
[Round "5.14"]
[White "Dzagnidze Nana"]
[Black "Gelazonia Parmen"]
[Result "1/2-1/2"]
[WhiteElo "2541"]
[BlackElo "2328"]
[PlyCount "205"]
[EventDate "2009.??.??"]
[SourceDate "2009.06.19"]

1. d4 d5 2. Bf4 Nf6 3. e3 c5 4. c3 Qb6 5. Qb3 Qxb3 6. axb3 cxd4 7. exd4 a6 8.
Nf3 Nh5 9. Bc7 e6 10. b4 Kd7 11. Bb6 Bd6 12. Nbd2 Ke7 13. Bc5 Nd7 14. Bxd6+
Kxd6 15. g3 Nhf6 16. Bd3 b6 17. O-O Bb7 18. Rfe1 a5 19. Ne5 Ke7 20. bxa5 bxa5
21. f4 Nxe5 22. fxe5 Nd7 23. Bb5 Nb6 24. Ra2 a4 25. Rea1 Ra5 26. Bd3 Raa8 27.
Kf2 Bc6 28. Ke2 Rhb8 29. Kd1 Nd7 30. Kc2 f6 31. exf6+ gxf6 32. Re1 Kd6 33. Re3
h5 34. Ra1 e5 35. Bf5 Bb5 36. Bxd7 Bxd7 37. Rf1 Rf8 38. Rxf6+ Rxf6 39. dxe5+
Ke6 40. exf6+ Kxf6 41. Nf3 Bf5+ 42. Kc1 a3 43. bxa3 Rxa3 44. Kb2 Ra8 45. Nd4
Rb8+ 46. Kc1 Rb1+ 47. Kd2 Rb2+ 48. Ke1 Be4 49. Re2 Rb1+ 50. Kd2 Kg5 51. Rf2 Ra1
52. Ne6+ Kg4 53. Rf4+ Kh3 54. Rh4+ Kg2 55. Ke3 Re1+ 56. Kd4 Rd1+ 57. Ke5 Bf3
58. Nd4 Bg4 59. Kxd5 Rh1 60. Ke4 Re1+ 61. Kd3 Rh1 62. Ke3 Re1+ 63. Kf4 Rf1+ 64.
Kg5 Rc1 65. Nb5 Rb1 66. Nc7 Re1 67. c4 Re4 68. Nd5 Kf3 69. Nf6 Rxc4 70. Nxh5
Rc5+ 71. Kg6 Bf5+ 72. Kf6 Bc8 73. Nf4 Rc2 74. Rh8 Kf2 75. Kg5 Bd7 76. Rd8 Bc8
77. g4 Kf3 78. h3 Rc5+ 79. Rd5 Rxd5+ 80. Nxd5 Kg3 81. Ne7 Bd7 82. Nf5+ Kxh3 83.
Kf4 Be8 84. Ne7 Kh4 85. g5 Ba4 86. Kf5 Kh5 87. Kf6 Be8 88. Nf5 Kg4 89. Nd4 Kf4
90. Ne6+ Kg4 91. Ng7 Ba4 92. Ne6 Be8 93. Nc7 Bf7 94. Nb5 Be8 95. Nd6 Bh5 96.
Nf5 Be8 97. Ng7 Ba4 98. Nf5 Be8 99. Nd6 Bh5 100. Nc4 Be8 101. Ne5+ Kf4 102. g6
Bxg6 103. Nxg6+ 1/2-1/2

[Event "Tbilisi Municipality Cup"]
[Site "?"]
[Date "2009.06.19"]
[Round "5.15"]
[White "Janiashvili Irakli"]
[Black "Jojua Davit"]
[Result "0-1"]
[WhiteElo "2208"]
[BlackElo "2520"]
[PlyCount "100"]
[EventDate "2009.??.??"]
[SourceDate "2009.06.19"]

1. e4 c5 2. Nf3 d6 3. d4 cxd4 4. Nxd4 Nf6 5. Nc3 Nc6 6. Bc4 e6 7. Be3 a6 8. Qe2
Qc7 9. O-O-O Na5 10. Bd3 b5 11. a3 Bb7 12. g4 Rc8 13. h4 Nd7 14. f4 Nb6 15. f5
e5 16. Bxb5+ axb5 17. Ndxb5 Qd8 18. Nxd6+ Bxd6 19. Qb5+ Bc6 20. Bxb6 Bxb5 21.
Bxd8 Rxd8 22. Nxb5 Bb8 23. Rxd8+ Kxd8 24. Rd1+ Kc8 25. b3 h5 26. g5 Nc6 27. c3
Na7 28. Nd6+ Bxd6 29. Rxd6 Kc7 30. Rd5 f6 31. g6 Rb8 32. Rc5+ Kb6 33. b4 Nb5
34. a4 Nd6 35. a5+ Ka7 36. a6 Rc8 37. Rd5 Nxe4 38. Rd7+ Kxa6 39. Rxg7 Nxc3 40.
Kb2 Kb5 41. Kb3 Nd5 42. Rb7+ Kc6 43. Rh7 e4 44. Kc4 Kd6+ 45. Kd4 e3 46. Ra7 e2
47. Ra6+ Rc6 48. Ra1 Nxb4 49. g7 Rc8 50. Rc1 e1=Q 0-1

[Event "Tbilisi Municipality Cup"]
[Site "?"]
[Date "2009.06.19"]
[Round "5.16"]
[White "Petrosian Davit G"]
[Black "Yilmaz Turhan"]
[Result "1-0"]
[WhiteElo "2490"]
[BlackElo "2317"]
[PlyCount "113"]
[EventDate "2009.??.??"]
[SourceDate "2009.06.19"]

1. e4 e6 2. d4 d5 3. Nc3 Nf6 4. Bg5 Bb4 5. e5 h6 6. Bd2 Bxc3 7. bxc3 Ne4 8. Qg4
g6 9. Bc1 c5 10. Bd3 Nxc3 11. dxc5 Qa5 12. Bd2 Qa4 13. h3 h5 14. Qg5 Ne4 15.
Qe3 Nc6 16. Nf3 Nxd2 17. Qxd2 Qa3 18. O-O Qxc5 19. Rab1 b6 20. Qf4 Bd7 21. Ng5
Qe7 22. c4 O-O 23. cxd5 exd5 24. Rfe1 f6 25. exf6 Qxf6 26. Qg3 Rae8 27. Nf3 Ne7
28. Ne5 Bf5 29. Bxf5 Qxf5 30. Rbc1 Rc8 31. Rxc8 Rxc8 32. Nf3 Qf6 33. Rxe7 Qxe7
34. Qxg6+ Kh8 35. Qxh5+ Qh7 36. Qxd5 Rc1+ 37. Kh2 Qc7+ 38. g3 Qc6 39. Qe5+ Kg8
40. Qb8+ Kg7 41. Qxa7+ Kf6 42. Qb8 Ke7 43. Qe5+ Kd8 44. Qg5+ Kc8 45. h4 Kb7 46.
Qf4 Qc4 47. Qxc4 Rxc4 48. h5 Rc2 49. g4 Rxa2 50. h6 Ra8 51. g5 Rh8 52. Ne5 b5
53. Nf7 Ra8 54. g6 b4 55. h7 b3 56. Nd6+ Kc7 57. Nc4 1-0

[Event "Tbilisi Municipality Cup"]
[Site "?"]
[Date "2009.06.19"]
[Round "5.17"]
[White "Patsia Zviad"]
[Black "Supatashvili Khvicha"]
[Result "1/2-1/2"]
[WhiteElo "2145"]
[BlackElo "2464"]
[PlyCount "75"]
[EventDate "2009.??.??"]
[SourceDate "2009.06.19"]

1. Nf3 Nf6 2. c4 e6 3. g3 a6 4. Nc3 d5 5. cxd5 exd5 6. d4 Be7 7. Bg2 O-O 8. O-O
c6 9. Qc2 Re8 10. Bf4 Nbd7 11. Rab1 g6 12. b4 Nb6 13. Qb3 Bf5 14. Rbd1 Ne4 15.
Ne5 Nxc3 16. Qxc3 Bd6 17. Rfe1 f6 18. Nd3 Bxd3 19. Rxd3 Bxf4 20. gxf4 f5 21.
Rdd1 Nc4 22. a4 Nd6 23. Rb1 Rc8 24. Qd3 Rc7 25. Kh1 Rg7 26. Qh3 Re6 27. Bf3 Kh8
28. Rg1 a5 29. b5 cxb5 30. axb5 Nc4 31. e3 Rc7 32. Ra1 b6 33. Qg2 Rd6 34. Ra2
Qd7 35. Rb1 Qd8 36. Qg5 Qf8 37. Qg2 Qd8 38. Qg5 1/2-1/2

[Event "Tbilisi Municipality Cup"]
[Site "?"]
[Date "2009.06.19"]
[Round "5.18"]
[White "Javakhishvili Lela"]
[Black "Mamedjarova Turkan"]
[Result "1-0"]
[WhiteElo "2463"]
[BlackElo "2255"]
[PlyCount "77"]
[EventDate "2009.??.??"]
[SourceDate "2009.06.19"]

1. Nf3 d5 2. e3 Nf6 3. c4 c6 4. Nc3 e6 5. d4 Bb4 6. Bd3 dxc4 7. Bxc4 O-O 8. O-O
Bxc3 9. bxc3 Qa5 10. Qe2 Nbd7 11. a4 Qh5 12. a5 Re8 13. Nd2 Qh4 14. f4 Nd5 15.
Bb2 N7f6 16. Rf3 c5 17. Bd3 cxd4 18. Rh3 Qxh3 19. gxh3 dxc3 20. Bc1 cxd2 21.
Qxd2 Rd8 22. Ra3 Bd7 23. e4 Ne7 24. Bb2 Nh5 25. f5 h6 26. Qe2 g6 27. fxg6 fxg6
28. Qe3 Kh7 29. Be2 Bc6 30. Qc5 Rd7 31. Rf3 Ng8 32. Qe5 Ngf6 33. Rxf6 Nxf6 34.
Qxf6 Bxe4 35. Bb5 Bc6 36. Bd3 Rg8 37. Kf2 Rgg7 38. Bxg6+ Kg8 39. Qxe6+ 1-0

[Event "Tbilisi Municipality Cup"]
[Site "?"]
[Date "2009.06.19"]
[Round "5.19"]
[White "Gamzardia Giorgi"]
[Black "Gaprindashvili Valeriane"]
[Result "1-0"]
[WhiteElo "2139"]
[BlackElo "2453"]
[PlyCount "87"]
[EventDate "2009.??.??"]
[SourceDate "2009.06.19"]

1. Nf3 d5 2. b3 Bg4 3. e3 Nd7 4. Be2 e6 5. Bb2 Ngf6 6. O-O Bd6 7. c4 c6 8. Nc3
O-O 9. h3 Bh5 10. d4 a6 11. Nd2 Bg6 12. Bf3 Qe7 13. e4 dxe4 14. Ndxe4 Nxe4 15.
Nxe4 Ba3 16. Qc1 Bxb2 17. Qxb2 Rad8 18. Rad1 Bxe4 19. Bxe4 Nf6 20. Bf3 Rd6 21.
Rd2 Rfd8 22. Rfd1 Ne8 23. b4 R6d7 24. a4 Nd6 25. Qb3 Nf5 26. d5 cxd5 27. cxd5
Qg5 28. Rd3 Nh4 29. Be4 e5 30. d6 Kf8 31. g3 f5 32. Bg2 Ng6 33. h4 Qf6 34. h5
Nh8 35. b5 axb5 36. Qxb5 Nf7 37. Bxb7 Rxd6 38. a5 e4 39. Rxd6 Nxd6 40. Qc5 Qe7
41. a6 e3 42. Qxe3 Ne4 43. Rxd8+ Qxd8 44. a7 1-0

[Event "Tbilisi Municipality Cup"]
[Site "?"]
[Date "2009.06.19"]
[Round "5.20"]
[White "Tsiramua Nodar"]
[Black "Sulahvili Malkhaz"]
[Result "0-1"]
[WhiteElo "2084"]
[BlackElo "2442"]
[PlyCount "78"]
[EventDate "2009.??.??"]
[SourceDate "2009.06.19"]

1. Nf3 d5 2. g3 Nf6 3. Bg2 e6 4. O-O Be7 5. d3 c5 6. Nbd2 Nc6 7. c3 O-O 8. Qc2
b6 9. Rd1 Bb7 10. Nf1 Qc7 11. Bf4 e5 12. Bg5 Rad8 13. Bxf6 Bxf6 14. e4 d4 15.
c4 g6 16. Qe2 Bg7 17. N3d2 Rde8 18. a3 a5 19. a4 f5 20. Nb1 f4 21. g4 f3 22.
Bxf3 Nd8 23. Bg2 Ne6 24. Ng3 Nf4 25. Qc2 Bc8 26. f3 h5 27. h3 Bh6 28. Na3 Nxh3+
29. Bxh3 Rxf3 30. Nf5 gxf5 31. gxf5 Qg7+ 32. Bg2 Be3+ 33. Kh1 Rf2 34. Bf3 Rxf3
35. Qh2 Rxf5 36. Rf1 Rxf1+ 37. Rxf1 Bg4 38. Nb5 Rf8 39. Qg2 Rxf1+ 0-1

[Event "Tbilisi Municipality Cup"]
[Site "?"]
[Date "2009.06.19"]
[Round "5.21"]
[White "Melia Salome"]
[Black "Gavasheli Ana"]
[Result "1-0"]
[WhiteElo "2440"]
[BlackElo "2202"]
[PlyCount "119"]
[EventDate "2009.??.??"]
[SourceDate "2009.06.19"]

1. e4 d6 2. d4 e5 3. Nf3 exd4 4. Nxd4 g6 5. g3 Bg7 6. Bg2 Nc6 7. Nxc6 bxc6 8.
O-O Ne7 9. Nc3 O-O 10. Be3 Rb8 11. Rb1 a5 12. Qd2 Be6 13. b3 Qc8 14. Rfe1 Bh3
15. Bh1 c5 16. Bg5 f6 17. Be3 g5 18. e5 dxe5 19. Bxc5 Rd8 20. Qe2 Ng6 21. Nd5
Kh8 22. Rbd1 Re8 23. Qd2 Rb5 24. Ba3 c6 25. Nc3 Rb8 26. Ne4 Qe6 27. Qd6 Qf5 28.
Qd3 Qe6 29. Nc5 Qg4 30. Bf3 Qc8 31. Qd6 Ne7 32. Bh5 Ng6 33. Nd7 Rb7 34. Nxf6
Bf8 35. Nxe8 Bxd6 36. Nxd6 Qc7 37. Nxb7 Qxb7 38. Bf3 Qf7 39. Bxc6 Bg4 40. Rd8+
Kg7 41. Bd5 Qc7 42. Rg8+ Kh6 43. c4 Qa7 44. Bf8+ Nxf8 45. Rxf8 Qe7 46. Rf7 Qe8
47. Ra7 Bf5 48. Rxa5 e4 49. Ra6+ Kg7 50. Ra7+ Kh6 51. Ra6+ Kg7 52. Be6 Bg6 53.
Rd6 Qf8 54. c5 Qf3 55. Re3 Qf6 56. Kg2 Qe5 57. b4 h5 58. a4 h4 59. g4 Qa1 60.
c6 1-0

[Event "Tbilisi Municipality Cup"]
[Site "?"]
[Date "2009.06.19"]
[Round "5.22"]
[White "Paichadze Luka"]
[Black "Nikolashvili Giorgi"]
[Result "1-0"]
[WhiteElo "2410"]
[BlackElo "2198"]
[PlyCount "75"]
[EventDate "2009.??.??"]
[SourceDate "2009.06.19"]

1. e4 c5 2. b3 e6 3. Nf3 d5 4. exd5 exd5 5. Bb5+ Nc6 6. O-O Nf6 7. d4 Be7 8.
Ne5 Bd7 9. Bxc6 bxc6 10. Ba3 O-O 11. Bxc5 Bxc5 12. dxc5 Re8 13. Qd4 Qc7 14. f4
Ng4 15. Nxg4 Bxg4 16. Nc3 Bf5 17. Rac1 Re7 18. b4 Qb7 19. Rf2 Rae8 20. h3 h6
21. Rb1 Qd7 22. b5 cxb5 23. Rxb5 Re1+ 24. Kh2 Bxh3 25. Qxd5 Qg4 26. Qf3 Qh4 27.
g3 Qf6 28. Nd5 Qa1 29. Kxh3 Rh1+ 30. Rh2 Rxh2+ 31. Kxh2 Qe1 32. Rb3 Re2+ 33.
Kh3 Rf2 34. Rb8+ Kh7 35. Qd3+ g6 36. Nf6+ Kg7 37. Rg8+ Kxf6 38. Qd4+ 1-0

[Event "Tbilisi Municipality Cup"]
[Site "?"]
[Date "2009.06.19"]
[Round "5.23"]
[White "Vakhania Alexandra"]
[Black "Shalamberidze Akaki"]
[Result "0-1"]
[WhiteElo "2150"]
[BlackElo "2381"]
[PlyCount "94"]
[EventDate "2009.??.??"]
[SourceDate "2009.06.19"]

1. Nf3 Nf6 2. d4 g6 3. Bg5 Bg7 4. Nbd2 c5 5. e3 O-O 6. c3 d5 7. Bd3 Nbd7 8. O-O
b6 9. Qe2 Bb7 10. e4 cxd4 11. cxd4 dxe4 12. Nxe4 Bxe4 13. Bxe4 Nxe4 14. Qxe4
Nf6 15. Bxf6 Bxf6 16. Rac1 Qd7 17. Ne5 Qa4 18. a3 Rad8 19. Qb7 Rxd4 20. Nc6 Rd2
21. Nxe7+ Kg7 22. b4 Qxa3 23. Nc6 Ra2 24. b5 Qa4 25. Rb1 Re8 26. Rb4 Qc2 27.
Rf4 Qe2 28. g3 g5 29. Rf5 Qe6 30. Rf3 Qd5 31. Na5 Re5 32. Qxd5 Rxd5 33. Nc4 g4
34. Rf4 Rd4 35. Ne3 Rxf4 36. gxf4 h5 37. Rd1 Ra4 38. Rd5 Kg6 39. f5+ Kg5 40.
Rd7 h4 41. Kf1 Ra1+ 42. Ke2 Ra2+ 43. Kf1 Kf4 44. Rxf7 Kf3 45. Rd7 Rxf2+ 46. Kg1
Kxe3 47. Rd6 Rxf5 0-1

[Event "Tbilisi Municipality Cup"]
[Site "?"]
[Date "2009.06.19"]
[Round "5.24"]
[White "Gugulashvili Tamaz"]
[Black "Charkhalashvili Inga"]
[Result "1/2-1/2"]
[WhiteElo "2087"]
[BlackElo "2363"]
[PlyCount "28"]
[EventDate "2009.??.??"]
[SourceDate "2009.06.19"]

1. c4 Nf6 2. g3 c5 3. Bg2 Nc6 4. Nc3 g6 5. Nf3 Bg7 6. O-O d6 7. a3 O-O 8. d3
Bd7 9. h3 Rb8 10. Rb1 a6 11. b4 Nd4 12. Nxd4 cxd4 13. Nd5 Nxd5 14. cxd5 Rc8
1/2-1/2

[Event "Tbilisi Municipality Cup"]
[Site "?"]
[Date "2009.06.19"]
[Round "5.25"]
[White "Chighladze Iveri"]
[Black "Mzhavia Kristine"]
[Result "1-0"]
[WhiteElo "2418"]
[BlackElo "2059"]
[PlyCount "69"]
[EventDate "2009.??.??"]
[SourceDate "2009.06.19"]

1. d4 d5 2. c4 c6 3. Nf3 Nf6 4. Nc3 a6 5. e3 b5 6. b3 Bf5 7. Be2 e6 8. O-O Bd6
9. Ne5 Qc7 10. f4 Ne4 11. Nxe4 Bxe4 12. Bh5 O-O 13. Bf3 Bxf3 14. Qxf3 f6 15.
Nd3 bxc4 16. bxc4 dxc4 17. Nb2 c3 18. Nc4 Nd7 19. a4 Bb4 20. a5 Rab8 21. e4 e5
22. Be3 Rb5 23. fxe5 fxe5 24. Qh3 exd4 25. Bxd4 Re8 26. Bxc3 Bxc3 27. Qxc3 Rxe4
28. Rad1 Rd5 29. Qb3 Nc5 30. Qa2 Rxd1 31. Rxd1 Re6 32. Nd6 Qb8 33. Ne4 Nb3 34.
Ng5 Re5 35. Qxb3+ 1-0

[Event "Tbilisi Municipality Cup"]
[Site "?"]
[Date "2009.06.19"]
[Round "5.26"]
[White "Chkhaidze Nikoloz"]
[Black "Babunjian Levon"]
[Result "0-1"]
[WhiteElo "2228"]
[BlackElo "2506"]
[PlyCount "86"]
[EventDate "2009.??.??"]
[SourceDate "2009.06.19"]

1. e4 e5 2. Nf3 Nc6 3. Bb5 Nf6 4. O-O Nxe4 5. d4 Nd6 6. Bxc6 dxc6 7. dxe5 Nf5
8. Qxd8+ Kxd8 9. Nc3 h6 10. b3 Bd7 11. Bb2 a5 12. Rad1 Kc8 13. h3 b5 14. Ne1 a4
15. Nd3 Nd4 16. Rd2 Bf5 17. Rfd1 axb3 18. axb3 Be7 19. Ne1 Ne6 20. g4 Bg6 21.
Ng2 h5 22. f4 hxg4 23. hxg4 Bc5+ 24. Kf1 Rh1+ 25. Ke2 Rh2 26. Kf1 b4 27. Na4
Rxa4 28. bxa4 Be4 29. f5 Bf3 30. Ne3 Rh1+ 31. Kf2 Rxd1 32. Rxd1 Bxd1 33. fxe6
fxe6 34. Ke1 Bxe3 35. Kxd1 c5 36. c3 Kb7 37. cxb4 cxb4 38. Ke2 Bf4 39. Kd3 Ka6
40. Kc4 Ka5 41. Kb3 Be3 42. Ba1 g6 43. Bb2 c5 0-1

[Event "Tbilisi Municipality Cup"]
[Site "?"]
[Date "2009.06.19"]
[Round "5.27"]
[White "Khmiadashvili Tamar"]
[Black "Maghalashvili Davit"]
[Result "1/2-1/2"]
[WhiteElo "2216"]
[BlackElo "2490"]
[PlyCount "138"]
[EventDate "2009.??.??"]
[SourceDate "2009.06.19"]

1. e4 c5 2. Nc3 a6 3. f4 b5 4. Nf3 Bb7 5. d3 e6 6. g3 Nf6 7. Bg2 Be7 8. Qe2 b4
9. Nd1 O-O 10. Nf2 Nc6 11. c4 bxc3 12. bxc3 d5 13. e5 Ne8 14. O-O Nc7 15. Bd2
a5 16. g4 f6 17. exf6 Bxf6 18. g5 Be7 19. Ng4 Bd6 20. Nfe5 Ne7 21. Rab1 Ba6 22.
c4 a4 23. Ba5 Bc8 24. Bc3 Bd7 25. Nxd7 Qxd7 26. Ne5 Qe8 27. Rb6 Ra6 28. Rb7 Nf5
29. Rfb1 Nd4 30. Bxd4 cxd4 31. c5 Bxc5 32. Rxc7 Bd6 33. Rcb7 Rxf4 34. Rf1 Rxf1+
35. Bxf1 Qc8 36. Rb2 Qd8 37. h4 a3 38. Rc2 Rb6 39. Nf3 Qe8 40. Bh3 Bf8 41. Kg2
h6 42. Nxd4 e5 43. Nf3 e4 44. dxe4 dxe4 45. Nd2 e3 46. Nf3 hxg5 47. hxg5 Qe4
48. Qc4+ Qxc4 49. Rxc4 Rb2+ 50. Kg1 Rb1+ 51. Kg2 Rb2+ 52. Kg3 Bd6+ 53. Kh4 Kf8
54. Be6 e2 55. Rc1 Bb4 56. Bc4 Ba5 57. Kh5 Ke7 58. Kg6 Kf8 59. Rh1 Bc3 60. Rc1
Ba5 61. Kf5 Ke7 62. Ke4 Kd6 63. Kd3 Kc5 64. Be6+ Kd6 65. Ne1 Rd2+ 66. Ke3 Rb2
67. Rc2 Rxc2 68. Nxc2 e1=Q+ 69. Nxe1 Bxe1 1/2-1/2

[Event "Tbilisi Municipality Cup"]
[Site "?"]
[Date "2009.06.19"]
[Round "5.28"]
[White "Musayev Eldar Elmar Oglu"]
[Black "Bagaturov Giorgi"]
[Result "0-1"]
[WhiteElo "2200"]
[BlackElo "2467"]
[PlyCount "108"]
[EventDate "2009.??.??"]
[SourceDate "2009.06.19"]

1. c4 g6 2. Nc3 Bg7 3. d4 d6 4. e4 Nd7 5. Be3 e5 6. d5 Ne7 7. Qd2 f5 8. f3 O-O
9. Bd3 Nf6 10. Nge2 f4 11. Bf2 g5 12. c5 Ng6 13. O-O-O g4 14. Kb1 Rf7 15. Rc1
Bf8 16. cxd6 cxd6 17. Rc2 Ne8 18. Ng1 h5 19. h3 g3 20. Be1 Nh4 21. Bf1 Rg7 22.
Nge2 Qg5 23. Nc1 Be7 24. Nb5 a6 25. Na3 b5 26. Qd3 Bd8 27. Nb3 Rc7 28. Ba5 Rxc2
29. Nxc2 Bxa5 30. Nxa5 Qd8 31. Qc3 Bd7 32. Qd2 Qb6 33. Bd3 Nxg2 34. h4 Rc8 35.
Nc6 Bxc6 36. dxc6 Qf2 37. Qxf2 gxf2 38. Bf1 Ne3 39. Nb4 Kf8 40. Nxa6 Rxc6 41.
Bxb5 Rb6 42. Be2 Rb7 43. Rf1 Nxf1 44. Bxf1 Ke7 45. b4 d5 46. exd5 Kd6 47. Bc4
Nc7 48. Nxc7 Rxb4+ 49. Bb3 Kxc7 50. Kc2 Kd6 51. Kd3 Kc5 52. Ke2 Rd4 53. Bc2
Kxd5 54. Bg6 Ra4 0-1

[Event "Tbilisi Municipality Cup"]
[Site "?"]
[Date "2009.06.19"]
[Round "5.29"]
[White "Zhorzholiani Meri"]
[Black "Azaladze Shota"]
[Result "0-1"]
[WhiteElo "2135"]
[BlackElo "2434"]
[PlyCount "132"]
[EventDate "2009.??.??"]
[SourceDate "2009.06.19"]

1. Nf3 Nf6 2. g3 d5 3. Bg2 c6 4. O-O Bf5 5. d3 e6 6. Nbd2 Be7 7. b3 O-O 8. Bb2
h6 9. Qe1 Bh7 10. e4 a5 11. Ne5 a4 12. a3 axb3 13. cxb3 Nbd7 14. Nxd7 Nxd7 15.
Qe3 Re8 16. Kh1 Qb6 17. Qxb6 Nxb6 18. Rfe1 Nd7 19. Bf1 Ra7 20. b4 Bf6 21. e5
Be7 22. Nb3 Rea8 23. Rec1 Bd8 24. Nc5 Nxc5 25. bxc5 Kf8 26. Kg2 Ke8 27. Be2 Kd7
28. h4 Ra5 29. d4 b6 30. cxb6 Bxb6 31. Ra2 Bd8 32. Bh5 Be4+ 33. f3 Bg6 34. Bxg6
fxg6 35. Kf2 Ra4 36. Ke3 Be7 37. Kd3 Rf8 38. Rf1 g5 39. hxg5 hxg5 40. Bc1 g4
41. f4 Rb8 42. Be3 Rb3+ 43. Ke2 Raxa3 44. Rxa3 Rxa3 45. Rc1 Ra2+ 46. Kf1 Ba3
47. Rc3 Be7 48. Rc1 Ra4 49. Ke2 Bb4 50. Rc2 Kc7 51. Bf2 Kb6 52. Rb2 Kc7 53. Rc2
Ra3 54. Be3 Rb3 55. Bf2 Ba3 56. Kf1 Rb1+ 57. Ke2 Rb2 58. Kd3 Kb6 59. Rxb2+ Bxb2
60. Kc2 Ba3 61. Kd3 g6 62. Kc3 Kb5 63. Kd3 Bb4 64. Ke3 Kc4 65. f5 gxf5 66. Kf4
Bd2+ 0-1

[Event "Tbilisi Municipality Cup"]
[Site "?"]
[Date "2009.06.19"]
[Round "5.30"]
[White "Purtseladze Maka"]
[Black "Jirkvalishvili Otar"]
[Result "1-0"]
[WhiteElo "2327"]
[BlackElo "2226"]
[PlyCount "161"]
[EventDate "2009.??.??"]
[SourceDate "2009.06.19"]

1. d4 g6 2. c4 Bg7 3. e4 d6 4. Nc3 Nc6 5. d5 Nd4 6. Be3 c5 7. Nge2 Qb6 8. Qd2
e5 9. dxe6 Bxe6 10. O-O-O Nxe2+ 11. Bxe2 O-O-O 12. Qc2 Ne7 13. Qb3 Qxb3 14.
axb3 a6 15. Bg5 Rhe8 16. Bf3 Bd4 17. Rxd4 cxd4 18. Ne2 Rd7 19. Nxd4 Nc6 20.
Nxc6 bxc6 21. Rd1 Kb7 22. Bf6 a5 23. Kc2 Ra8 24. Kc3 Kb6 25. Bd4+ Kc7 26. Be3
f5 27. exf5 gxf5 28. Bf4 Rb8 29. Ra1 Ra8 30. c5 Bd5 31. cxd6+ Kb6 32. Bxd5 cxd5
33. Kd4 Re8 34. Be5 Rb7 35. Kxd5 Ka6 36. f4 Rxb3 37. Rd1 Rb5+ 38. Kc6 Rb6+ 39.
Kd7 Rbb8 40. Kc6 Rb6+ 41. Kd5 Rb5+ 42. Kc4 Rb4+ 43. Kd3 Kb7 44. Ke3 Rb3+ 45.
Kf2 Rd8 46. g3 a4 47. Kg2 Kc6 48. Rc1+ Kd5 49. Kh3 Ke6 50. Rc4 a3 51. bxa3 Rxa3
52. Rc7 Rd7 53. Rc8 Ra2 54. Rf8 Rf7 55. Rg8 Rd2 56. Re8+ Kd7 57. Ra8 Ke6 58.
Ra1 Kd7 59. Rh1 Ke6 60. Kh4 Ra7 61. h3 Rd3 62. g4 Raa3 63. Rh2 Rab3 64. Bb2
Rxd6 65. Kg5 Rdd3 66. Re2+ Re3 67. Rc2 Rxh3 68. gxf5+ Kd7 69. Kf6 Rh6+ 70. Kf7
Rc6 71. Rd2+ Rd6 72. Rh2 Kc6 73. Bf6 Rf3 74. Be5 Rd7+ 75. Ke6 Ra7 76. f6 Rd3
77. f7 Rd8 78. Rxh7 Rf8 79. Bd6 Rd8 80. f8=Q Rxf8 81. Rxa7 1-0